Quantitative methods for decision makers / (Record no. 7282)
[ view plain ]
| 000 -LEADER | |
|---|---|
| fixed length control field | 01427nam a22002177a 4500 |
| 008 - FIXED-LENGTH DATA ELEMENTS--GENERAL INFORMATION | |
| fixed length control field | 120127t xxu||||| |||| 00| 0 eng d |
| 020 ## - INTERNATIONAL STANDARD BOOK NUMBER | |
| International Standard Book Number | 9780273712077 |
| 050 ## - LIBRARY OF CONGRESS CALL NUMBER | |
| Classification number | HD30.23.W56 |
| 100 ## - MAIN ENTRY--PERSONAL NAME | |
| Personal name | Wisniewski, Mik. |
| 245 ## - TITLE STATEMENT | |
| Title | Quantitative methods for decision makers / |
| Statement of responsibility, etc. | Mik, Wisniewski. |
| 250 ## - EDITION STATEMENT | |
| Edition statement | 5th ed. |
| 260 ## - PUBLICATION, DISTRIBUTION, ETC. | |
| Place of publication, distribution, etc. | Harlow, England ; New York : |
| Name of publisher, distributor, etc. | Prentice Hall/Financial Times, |
| Date of publication, distribution, etc. | 2009. |
| 300 ## - PHYSICAL DESCRIPTION | |
| Extent | xvi, 606 p. : |
| Other physical details | ill. (some col.) ; |
| Dimensions | 27 cm. |
| 500 ## - GENERAL NOTE | |
| General note | Includes index. |
| 505 ## - FORMATTED CONTENTS NOTE | |
| Formatted contents note | Contents: Introduction -- Tools of the trade -- Presenting management information -- Management statistics -- Probability and probability distribution -- Decisions making under uncertainty -- Market research and statistical inference -- Quality control and quality management -- Forecasting I: Moving averages and time series -- Forecasting II: Regression -- Linear Programming -- Stock control -- Project management -- Simulation -- Financial decision making. Appendices: Binomial distribution -- Areas in the Tail of the normal distribution -- Areas in the Tail of the t distribution -- Areas in the Tail of the X [square] distribution -- Areas in the Tail of the F distribution, 0.05 level -- Solutions ot chapter activities -- |
| 650 ## - SUBJECT ADDED ENTRY--TOPICAL TERM | |
| Topical term or geographic name entry element | Decision making. |
| General subdivision | Mathematical models. |
| 650 ## - SUBJECT ADDED ENTRY--TOPICAL TERM | |
| Topical term or geographic name entry element | Organizational science. |
| 650 ## - SUBJECT ADDED ENTRY--TOPICAL TERM | |
| Topical term or geographic name entry element | Management science |
| 856 ## - ELECTRONIC LOCATION AND ACCESS | |
| Uniform Resource Identifier | <a href="www.pearsoned.co.uk/wisniewsli">www.pearsoned.co.uk/wisniewsli</a> |
| 942 ## - ADDED ENTRY ELEMENTS (KOHA) | |
| Source of classification or shelving scheme | Library of Congress Classification |
| Koha item type | Books |
| Withdrawn status | Lost status | Source of classification or shelving scheme | Damaged status | Not for loan | Home library | Current library | Shelving location | Date acquired | Full call number | Barcode | Date last seen | Price effective from | Koha item type |
|---|---|---|---|---|---|---|---|---|---|---|---|---|---|
| Library of Congress Classification | WISCONSIN INTERNATIONAL UNIVERSITY COLLEGE, GHANA KUMASI LIBRARY | WISCONSIN INTERNATIONAL UNIVERSITY COLLEGE, GHANA KUMASI LIBRARY | General Stacks | 18/11/2019 | HD30.23.W56(5e) | K/2560/2560/19 | 25/05/2020 | 25/05/2020 | Books |
